000 00805nam a22002057a 4500
999 _c370978
_d370978
008 201130b ||||| |||| 00| 0 eng d
040 _bger
_cDE-2950
_erda
_aDE-2950
041 _ager
100 _aNeiser, Janet:
245 _aKapazität der Unterkunft für Flüchtlinge verdreifacht.
_bAsyl: Das Land Brandenburg sagt, man habe trotz der anhaltenden Migrantenwelle noch weitere Reserven in der Erstaufnahme./
_cJanet Neiser
264 _c2021
653 _aFrankfurt (Oder)
653 _aMigration / Asyl
653 _aErstaufnahmeeinrichtung
773 _dFrankfurt (Oder): Märkisches Verlags- und Druckhaus GmbH & Co KG
_g32. Jahrgang (2021) Nr. 242 vom 16.10/17.10.2021, S. 22
_tMärkische Oderzeitung
942 _cA